May day for justice : (Record no. 4082)

000 -LEADER
fixed length control field nam a22 a 4500
003 - CONTROL NUMBER IDENTIFIER
control field AKMAL
005 - DATE AND TIME OF LATEST TRANSACTION
control field 20170525092029.0
008 - FIXED-LENGTH DATA ELEMENTS--GENERAL INFORMATION
fixed length control field 170525s1989 my a 00 eng d
020 ## - INTERNATIONAL STANDARD BOOK NUMBER
International Standard Book Number 9839631004 :
Terms of availability RM37.50
040 ## - CATALOGING SOURCE
Original cataloging agency AKMAL
Transcribing agency AKMAL
082 04 - DEWEY DECIMAL CLASSIFICATION NUMBER
Classification number 923.43 ABA
Edition number 22
090 ## - LOCALLY ASSIGNED LC-TYPE CALL NUMBER (OCLC); LOCAL CALL NUMBER (RLIN)
Classification number (OCLC) (R) ; Classification number, CALL (RLIN) (NR) 923.43
Local cutter number (OCLC) ; Book number/undivided call number, CALL (RLIN) ABA
100 ## - MAIN ENTRY--PERSONAL NAME
Personal name Mohamed Salleh Abas,
Titles and words associated with a name Tun,
Dates associated with a name 1929-
9 (RLIN) 7988
245 1# - TITLE STATEMENT
Title May day for justice :
Remainder of title The Lord President's version /
Statement of responsibility, etc. Tun Mohamed Salleh Abas
260 00 - PUBLICATION, DISTRIBUTION, ETC.
Place of publication, distribution, etc. Kuala Lumpur :
Name of publisher, distributor, etc. Magnus Books ,
Date of publication, distribution, etc. 1989
300 00 - PHYSICAL DESCRIPTION
Extent xxxiv,353p. :
Other physical details ill. ;
Dimensions 23cm.
600 #0 - SUBJECT ADDED ENTRY--PERSONAL NAME
Personal name Mohamed Salleh bin Abas,
Titles and other words associated with a name Tun,
Dates associated with a name 1929-
9 (RLIN) 7989
650 ## - SUBJECT ADDED ENTRY--TOPICAL TERM
Topical term or geographic name entry element Justice and politics
Geographic subdivision Malaysia
9 (RLIN) 7990
650 ## - SUBJECT ADDED ENTRY--TOPICAL TERM
Topical term or geographic name entry element Judges
Geographic subdivision Malaysia
9 (RLIN) 7991
650 ## - SUBJECT ADDED ENTRY--TOPICAL TERM
Topical term or geographic name entry element Disqualification of judges
Geographic subdivision Malaysia
9 (RLIN) 3782
942 ## - ADDED ENTRY ELEMENTS (KOHA)
Source of classification or shelving scheme
Koha item type Book
Holdings
Withdrawn status Lost status Source of classification or shelving scheme Damaged status Not for loan Collection code Home library Current library Shelving location Date acquired Inventory number Total Checkouts Full call number Barcode Date last seen Price effective from Koha item type
          NON-FICTION AKMAL Melaka AKMAL Melaka PINJAMAN 25.05.2017 900179   923.43 ABA 201705313 25.05.2017 25.05.2017 Book
Pusat Sumber Maklumat Dato' Haji Sarmin Md Hussin, Akademi Kastam Diraja Malaysia, Melaka
Tel: 06-2331106 | Faks: 06-2313787